Musical opinion quarterly

Bibliographic Details
Previous Title:Musical opinion
Format: Electronic Journal
Language:English
Published: London : Musical Opinion, [2014]-
Subjects:
Online Access:Full text available from Research Library: 01/01/2014 to present

MARC

LEADER 00000nas a2200000 i 4500
001 ssj0001454342
003 WaSeSS
005 20200512172242.0
006 m d
007 cr n
008 140203c20149999enkqr p s 0 a0eng c
010 |a  2014264005 
035 |a (WaSeSS)ssj0001454342 
040 |a UPM  |b eng  |c UPM  |d OCLCO  |d DLC  |d CLU  |d OCLCF  |d AU@  |d OCLCO  |d NDD  |d OCLCO  |d WaSeSS 
042 |a pcc 
050 1 4 |a ML5  |b .M78 
245 0 0 |a Musical opinion quarterly  |h [electronic resource]. 
260 |a London :  |b Musical Opinion,  |c [2014]- 
310 |a Quarterly 
362 1 |a Began with volume 137, number 1498 (January/March 2014). 
506 |a License restrictions may limit access. 
588 |a Description based on: Volume 137, number 1498 (January/March 2014); title from cover. 
588 |a Latest issue consulted: Volume 137, number 1500 (July/September 2014). 
650 0 |a Music  |v Periodicals. 
650 0 |a Music trade  |z England  |v Periodicals. 
650 7 |a Music.  |2 fast  |0 (OCoLC)fst01030269 
650 7 |a Music trade.  |2 fast  |0 (OCoLC)fst01030641 
651 7 |a England.  |2 fast  |0 (OCoLC)fst01219920 
655 0 |a Electronic journals. 
780 0 0 |t Musical opinion  |x 0027-4623  |w (DLC) 89657281  |w (OCoLC)1758905 
850 |a DLC 
856 4 0 |z Full text available from Research Library: 01/01/2014 to present  |u https://search.proquest.com/publication/2526